[Event "Wuerttemberg-chT Rapid"]
[Site "Boeblingen"]
[Date "2024.04.13"]
[Round "8.4"]
[White "Junesch, Gerhard"]
[Black "Deubel, Silas"]
[Result "1-0"]
[WhiteElo "2267"]
[BlackElo "1851"]
[PlyCount "65"]
[EventDate "2024.04.13"]
[EventType "team-tourn"]
[EventRounds "9"]
[EventCountry "GER"]
[SourceTitle "CB17_2024"]
[SourceDate "2024.04.24"]
[SourceVersion "1"]
[SourceVersionDate "2024.04.24"]
[SourceQuality "1"]

1. d4 d5 2. c4 e6 3. Nf3 a6 4. Bg5 Nf6 5. e3 Be7 6. Nbd2 0-0 7. Rc1 Nbd7 8. c5 c6 9. Bd3 Qc7 10. Bf4 Qa5 11. a3 Nh5 12. Qc2 Nxf4 13. Bxh7+ Kh8 14. exf4 g6 15. Bxg6 fxg6 16. Qxg6 Qd8 17. Qh6+ Kg8 18. Qg6+ Kh8 19. Rc3 Qe8 20. Qh6+ Kg8 21. Ne5 Rf5 22. Rg3+ Bg5 23. Rxg5+ Rxg5 24. Qxg5+ Kh7 25. Ndf3 Nxe5 26. Nxe5 Ra7 27. 0-0 b6 28. cxb6 Rg7 29. Qh4+ Kg8 30. Rc1 Bd7 31. Rc3 Qe7 32. Qxe7 Rxe7 33. b7 1-0

[Event "Oberliga Baden 2223"]
[Site "Germany"]
[Date "2023.02.26"]
[Round "7.6"]
[White "Junesch, Gerhard"]
[Black "Dobrosmyslov, Artem Igorevich"]
[Result "0-1"]
[WhiteElo "2298"]
[BlackElo "1503"]
[PlyCount "62"]
[EventDate "2022.09.18"]
[EventType "team-tourn"]
[EventRounds "9"]
[EventCountry "GER"]
[SourceTitle "EXT 2024"]
[Source "ChessBase"]
[SourceDate "2023.10.10"]
[SourceVersion "1"]
[SourceVersionDate "2023.10.10"]
[SourceQuality "1"]
[WhiteTeam "Buchen"]
[BlackTeam "Baden-Baden III"]
[WhiteTeamCountry "GER"]
[BlackTeamCountry "GER"]

1. d4 Nf6 2. c4 e6 3. Nf3 d5 4. Nc3 dxc4 5. e4 b5 6. e5 Nd5 7. Nxb5 Nb6 8. Be2 Be7 9. 0-0 Nc6 10. Be3 0-0 11. a3 Na5 12. Qc2 Bb7 13. Rad1 Qd7 14. Nc3 Rab8 15. Nd2 Bc6 16. Bf3 Nd5 17. Be4 h6 18. Rb1 Nxc3 19. Qxc3 Bxe4 20. Nxe4 Qd5 21. Nd2 Rb5 22. Rfc1 Rfb8 23. Nxc4 Nxc4 24. Qxc4 Qxc4 25. Rxc4 Bxa3 26. Ra1 Bxb2 27. Rxa7 Bxd4 28. Raxc7 Rxe5 29. Bd2 Re2 30. Rc8+ Rxc8 31. Rxc8+ Kh7 0-1

[Event "Oberliga Baden 2122"]
[Site "Germany"]
[Date "2022.04.09"]
[Round "10.6"]
[White "Bauer, Andreas1111"]
[Black "Junesch, Gerhard"]
[Result "1-0"]
[WhiteElo "2273"]
[BlackElo "2286"]
[PlyCount "139"]
[EventDate "2021.10.10"]
[EventType "team-tourn"]
[EventRounds "11"]
[EventCountry "GER"]
[SourceTitle "EXT 2023"]
[Source "ChessBase"]
[SourceDate "2022.10.05"]
[SourceVersion "1"]
[SourceVersionDate "2022.10.05"]
[SourceQuality "1"]
[WhiteTeam "Emmendingen"]
[BlackTeam "Buchen"]
[WhiteTeamCountry "GER"]
[BlackTeamCountry "GER"]

1. d4 d5 2. Bf4 c5 3. e3 cxd4 4. exd4 Nc6 5. c3 Bf5 6. Qb3 Qd7 7. Nf3 e6 8. Nbd2 Nge7 9. Nh4 Ng6 10. Nxf5 Nxf4 11. Ne3 Bd6 12. g3 Ng6 13. Bh3 Nge7 14. 0-0 f5 15. Nf3 0-0 16. c4 Na5 17. Qd3 Nxc4 18. Nxc4 dxc4 19. Qxc4 Nd5 20. Rfe1 Rae8 21. Ne5 Bxe5 22. Rxe5 Nb6 23. Qe2 g6 24. Rd1 Kf7 25. Qe3 Rd8 26. Qh6 Kg8 27. Bg2 Qf7 28. h4 Rd6 29. h5 Rfd8 30. Rde1 Rxd4 31. Rxe6 Rd1 32. Kh2 Rxe1 33. Rxe1 Re8 34. hxg6 hxg6 35. Rxe8+ Qxe8 36. Bxb7 Kf7 37. Bf3 Qa4 38. Qh7+ Kf6 39. Qh8+ Kf7 40. Qh7+ Kf6 41. Qg8 Qb4 42. Kg2 Qe7 43. Qh8+ Ke6 44. Qd4 Qc7 45. Bd1 Qe5 46. Bb3+ Kf6 47. Qd8+ Qe7 48. Qh8+ Qg7 49. Qxg7+ Kxg7 50. Kf3 Kf6 51. Ke3 Ke7 52. Kd4 Kd6 53. f4 Nd7 54. Bf7 Nf8 55. Kc4 Ke7 56. Bg8 Nd7 57. Bd5 Nf6 58. Bf3 Kd6 59. Kb5 Kc7 60. Kc5 Kd7 61. b4 Kc7 62. a3 Kd7 63. a4 Kc7 64. Kb5 Ne8 65. a5 Nf6 66. Ka6 Kb8 67. b5 Ne4 68. b6 axb6 69. Kxb6 Nxg3 70. Bc6 1-0

[Event "Wuerttemberg-ch Blitz"]
[Site "Murrhard"]
[Date "2021.08.20"]
[Round "6"]
[White "Heidenfeld, Mark"]
[Black "Junesch, Gerhard"]
[Result "1/2-1/2"]
[WhiteElo "2360"]
[BlackElo "2283"]
[PlyCount "119"]
[EventDate "2021.08.20"]
[EventType "swiss (blitz)"]
[EventRounds "11"]
[EventCountry "GER"]
[SourceTitle "CBM 204 Extra"]
[Source "ChessBase"]
[SourceDate "2021.11.30"]
[SourceVersion "1"]
[SourceVersionDate "2021.11.30"]
[SourceQuality "1"]

1. e4 c6 2. d4 d5 3. Nc3 dxe4 4. Nxe4 Bf5 5. Ng3 Bg6 6. h4 h6 7. Nh3 e6 8. Nf4 Bh7 9. Bc4 Nf6 10. Ngh5 Nbd7 11. c3 Nxh5 12. Nxh5 Nf6 13. Bf4 Nxh5 14. Qxh5 Bd6 15. Bxd6 Qxd6 16. 0-0-0 0-0 17. Qe5 Rfd8 18. f3 b5 19. Bb3 a5 20. Bc2 Bxc2 21. Qxd6 Rxd6 22. Kxc2 a4 23. Rhe1 Rd5 24. Re5 Rad8 25. Rde1 Kf8 26. g4 g6 27. b3 axb3+ 28. axb3 b4 29. Rxd5 Rxd5 30. Re5 Rd6 31. Kd3 bxc3 32. Kxc3 Ke7 33. Kc4 Kd7 34. Ra5 Ke7 35. Ra7+ Kf6 36. Ra5 Rd7 37. g5+ hxg5 38. hxg5+ Ke7 39. Ra6 Kd6 40. Ra8 e5 41. Re8 exd4 42. Kxd4 Rb7 43. Kc4 Rb5 44. f4 Rf5 45. Re4 Kc7 46. Kd3 Kb6 47. Ke3 Kc5 48. Re7 Kb4 49. Rb7+ Kc3 50. Ke4 c5 51. Ke3 c4 52. bxc4 Kxc4 53. Ke4 Kc5 54. Rd7 Kc6 55. Rd1 Kc7 56. Rd5 Rxd5 57. Kxd5 Kd7 58. Ke5 Ke7 59. Kd5 Kd7 60. Ke4 1/2-1/2

[Event "Wuerttemberg-ch Blitz"]
[Site "Murrhard"]
[Date "2021.08.20"]
[Round "3"]
[White "Junesch, Gerhard"]
[Black "Kvetny, Mark"]
[Result "0-1"]
[WhiteElo "2283"]
[BlackElo "2416"]
[PlyCount "104"]
[EventDate "2021.08.20"]
[EventType "swiss (blitz)"]
[EventRounds "11"]
[EventCountry "GER"]
[SourceTitle "CBM 204 Extra"]
[Source "ChessBase"]
[SourceDate "2021.11.30"]
[SourceVersion "1"]
[SourceVersionDate "2021.11.30"]
[SourceQuality "1"]

1. Nf3 b6 2. g3 Bb7 3. Bg2 e6 4. 0-0 Nf6 5. c4 g6 6. d4 Bg7 7. Nc3 Ne4 8. Nxe4 Bxe4 9. b3 c5 10. Bb2 Nc6 11. Qd2 Bxf3 12. Bxf3 cxd4 13. Rfd1 e5 14. e3 0-0 15. exd4 exd4 16. Bxc6 dxc6 17. Bxd4 Bxd4 18. Qxd4 Qg5 19. Qe4 c5 20. Rd5 Qf6 21. Re1 Kg7 22. Rd7 Rfd8 23. Re7 Rd2 24. Re2 Rad8 25. Rxa7 R8d4 26. Qe3 R4d3 27. Qe5 Rxe2 28. Qxe2 Qd6 29. Qe7 Rd1+ 30. Kg2 Qxe7 31. Rxe7 Rd2 32. Rb7 Rxa2 33. Rxb6 Rb2 34. Rb5 h6 35. h4 Kf6 36. Kf3 g5 37. h5 Ke6 38. Rb6+ Kf5 39. g4+ Ke5 40. Ke3 f5 41. f3 f4+ 42. Kd3 Rf2 43. Rxh6 Rxf3+ 44. Kc2 Rf2+ 45. Kc3 Rf3+ 46. Kb2 Rg3 47. Rc6 Kd4 48. Rd6+ Ke4 49. Rd5 Rxg4 50. Rxc5 f3 51. Rc7 f2 52. Rf7 Rf4 0-1

[Event "Buchen op 8th"]
[Site "Buchen"]
[Date "2019.09.06"]
[Round "1"]
[White "Kamm, Guenther"]
[Black "Junesch, Gerhard"]
[Result "0-1"]
[WhiteElo "1869"]
[BlackElo "2303"]
[PlyCount "48"]
[EventDate "2019.09.06"]
[EventType "swiss"]
[EventRounds "5"]
[EventCountry "GER"]
[SourceTitle "EXT 2020"]
[Source "ChessBase"]
[SourceDate "2019.10.17"]
[SourceVersion "1"]
[SourceVersionDate "2019.10.17"]
[SourceQuality "1"]

1. Nf3 Nf6 2. c4 c5 3. g3 b6 4. Bg2 Bb7 5. 0-0 e6 6. Nc3 Be7 7. d4 cxd4 8. Nxd4 Bxg2 9. Kxg2 Qc7 10. Qd3 a6 11. Qf3 Nc6 12. Nxc6 Qxc6 13. Qxc6 dxc6 14. Kf3 0-0-0 15. Be3 Nd7 16. b3 Ne5+ 17. Kg2 c5 18. Rad1 Nc6 19. Rxd8+ Rxd8 20. Rd1 Nd4 21. h4 h6 22. h5 f5 23. Bc1 Bf6 24. Bd2 Nxb3 0-1

[Event "Boeblinger op 35th"]
[Site "Boeblingen"]
[Date "2018.12.29"]
[Round "6"]
[White "Ochsner, Bjorn Moller"]
[Black "Junesch, Gerhard"]
[Result "1-0"]
[WhiteElo "2457"]
[BlackElo "2307"]
[PlyCount "47"]
[EventDate "2018.12.26"]
[EventType "swiss"]
[EventRounds "9"]
[EventCountry "GER"]
[SourceTitle "CBM 188 Extra"]
[Source "ChessBase"]
[SourceDate "2019.02.26"]
[SourceVersion "1"]
[SourceVersionDate "2019.02.26"]
[SourceQuality "1"]

1. e4 c6 2. d4 d5 3. e5 Bf5 4. h4 h5 5. Bd3 Bxd3 6. Qxd3 Qa5+ 7. Nd2 e6 8. Ngf3 Qa6 9. c4 Nh6 10. 0-0 Nf5 11. b3 Be7 12. a4 Nxh4 13. Nxh4 Bxh4 14. Ba3 Nd7 15. b4 Qb6 16. b5 Qd8 17. a5 a6 18. cxd5 cxd5 19. b6 Be7 20. Rfc1 0-0 21. Rc7 Rb8 22. Rac1 g6 23. Rxd7 Qxd7 24. Rc7 1-0

[Event "Boeblingen op 33rd"]
[Site "Boeblingen"]
[Date "2016.12.30"]
[Round "4"]
[White "Junesch, Gerhard"]
[Black "Kantor, Gergely"]
[Result "0-1"]
[WhiteElo "2292"]
[BlackElo "2442"]
[PlyCount "50"]
[EventDate "2016.12.26"]
[EventType "swiss"]
[EventRounds "9"]
[EventCountry "GER"]
[SourceTitle "CBM 176 Extra"]
[Source "ChessBase"]
[SourceDate "2017.03.02"]
[SourceVersion "1"]
[SourceVersionDate "2017.03.02"]
[SourceQuality "1"]

1. Nf3 d5 2. d4 Nf6 3. c4 e6 4. Nc3 c6 5. e3 Nbd7 6. b3 Bb4 7. Bd2 0-0 8. Bd3 Qe7 9. Ne5 Nxe5 10. dxe5 Nd7 11. f4 f6 12. exf6 Nxf6 13. 0-0 Rd8 14. Na4 Bd6 15. Qc2 e5 16. Bc3 Ng4 17. Bxh7+ Kh8 18. Rf3 b5 19. Nb2 Bc5 20. Bxe5 Qh4 21. Qg6 Qxh2+ 22. Kf1 Qh1+ 23. Ke2 Qxg2+ 24. Kd3 dxc4+ 25. Kc3 Qd2# 0-1

[Event "Boeblingen op 33rd"]
[Site "Boeblingen"]
[Date "2016.12.30"]
[Round "6"]
[White "Junesch, Gerhard"]
[Black "Shishkin, Vadim"]
[Result "0-1"]
[WhiteElo "2292"]
[BlackElo "2452"]
[PlyCount "68"]
[EventDate "2016.12.26"]
[EventType "swiss"]
[EventRounds "9"]
[EventCountry "GER"]
[SourceTitle "CBM 176 Extra"]
[Source "ChessBase"]
[SourceDate "2017.03.02"]
[SourceVersion "1"]
[SourceVersionDate "2017.03.02"]
[SourceQuality "1"]

1. Nf3 Nf6 2. c4 g6 3. Nc3 Bg7 4. e4 0-0 5. d4 d6 6. Be2 e5 7. Be3 Ng4 8. Bg5 f6 9. Bh4 Nc6 10. d5 Ne7 11. Nd2 f5 12. Bxg4 fxg4 13. Bg5 h6 14. Be3 c5 15. Rb1 a5 16. a3 b6 17. b4 axb4 18. axb4 Bd7 19. 0-0 Kh7 20. Qb3 Nc8 21. bxc5 bxc5 22. Ra1 Rxa1 23. Rxa1 Bf6 24. Qb7 Rf7 25. Nf1 Bg5 26. Ra8 Kg7 27. Bxg5 Qxg5 28. Rxc8 Bxc8 29. Qxc8 Qc1 30. Nb5 Qe1 31. f3 gxf3 32. gxf3 Rxf3 33. Qd7+ Rf7 34. Qh3 Qf2+ 0-1

[Event "Oberliga Wuerttemberg 1516"]
[Site "Wuerttemberg"]
[Date "2015.10.11"]
[Round "2.1"]
[White "Junesch, Gerhard"]
[Black "Braun, Georg"]
[Result "1-0"]
[WhiteElo "2280"]
[BlackElo "2275"]
[PlyCount "67"]
[EventDate "2015.09.20"]
[EventType "team-tourn"]
[EventRounds "9"]
[EventCountry "GER"]
[SourceTitle "EXT 2019"]
[Source "ChessBase"]
[SourceDate "2018.10.10"]
[SourceVersion "1"]
[SourceVersionDate "2018.10.10"]
[SourceQuality "1"]
[WhiteTeam "Erdmannhausen"]
[BlackTeam "Bebenhausen"]
[WhiteTeamCountry "GER"]
[BlackTeamCountry "GER"]

1. Nf3 b6 2. g3 Bb7 3. Bg2 c5 4. c4 g6 5. d4 cxd4 6. Qxd4 Nf6 7. Nc3 Bg7 8. 0-0 0-0 9. Qh4 d6 10. Bh6 Nbd7 11. Bh3 Rc8 12. Ng5 Nh5 13. Bxg7 Kxg7 14. Qd4+ Kg8 15. f4 Ng7 16. f5 Rc5 17. Nd5 Bxd5 18. cxd5 Nf6 19. fxg6 hxg6 20. Qh4 Rxd5 21. Rxf6 Rxg5 22. Rxf7 Rh5 23. Rxf8+ Qxf8 24. Qg4 Kh7 25. Rf1 Qg8 26. Bg2 Nf5 27. Be4 e6 28. Bxf5 exf5 29. Qd4 Qe6 30. Rc1 Qxe2 31. Rc7+ Kh6 32. Qf4+ Rg5 33. h4 Qd1+ 34. Kf2 1-0

[Event "Oberliga Wuerttemberg 1516"]
[Site "Wuerttemberg"]
[Date "2015.09.20"]
[Round "1.2"]
[White "Hirneise, Tobias"]
[Black "Junesch, Gerhard"]
[Result "1-0"]
[WhiteElo "2430"]
[BlackElo "2280"]
[PlyCount "45"]
[EventDate "2015.09.20"]
[EventType "team-tourn"]
[EventRounds "9"]
[EventCountry "GER"]
[SourceTitle "EXT 2019"]
[Source "ChessBase"]
[SourceDate "2018.10.10"]
[SourceVersion "1"]
[SourceVersionDate "2018.10.10"]
[SourceQuality "1"]
[WhiteTeam "Deizisau"]
[BlackTeam "Erdmannhausen"]
[WhiteTeamCountry "GER"]
[BlackTeamCountry "GER"]

1. Nf3 Nf6 2. c4 c5 3. Nc3 e6 4. g3 b6 5. Bg2 Bb7 6. 0-0 Be7 7. Re1 d6 8. e4 a6 9. d4 cxd4 10. Nxd4 Qc7 11. Be3 Nbd7 12. f4 Rc8 13. Rc1 Qb8 14. Nd5 exd5 15. exd5 Kf8 16. Nc6 Bxc6 17. dxc6 Nc5 18. b4 Ne6 19. f5 Nc7 20. Qd4 b5 21. Bf4 Nce8 22. Rxe7 Kxe7 23. c5 1-0

[Event "Reutlingen op 19th"]
[Site "Reutlingen"]
[Date "2014.06.08"]
[Round "2"]
[White "Junesch, Gerhard"]
[Black "Schmidt, Martin"]
[Result "1/2-1/2"]
[WhiteElo "2356"]
[BlackElo "2086"]
[PlyCount "97"]
[EventDate "2014.06.07"]
[EventType "swiss"]
[EventRounds "7"]
[EventCountry "GER"]
[SourceTitle "EXT 2015"]
[Source "ChessBase"]
[SourceDate "2014.11.20"]
[SourceVersion "1"]
[SourceVersionDate "2014.11.20"]
[SourceQuality "1"]

1. Nf3 Nf6 2. c4 g6 3. Nc3 Bg7 4. e4 d6 5. d4 0-0 6. Be2 Na6 7. 0-0 e5 8. Be3 Ng4 9. Bg5 Qe8 10. Re1 exd4 11. Nd5 f6 12. Bf4 d3 13. Bxd3 Ne5 14. Be2 Rf7 15. Nd4 Nc5 16. Bf1 Ne6 17. Be3 Nxd4 18. Bxd4 Bh6 19. f4 c6 20. fxe5 cxd5 21. exf6 dxe4 22. Bd3 e3 23. Qf3 Bd7 24. Bxe3 Bxe3+ 25. Rxe3 Qc8 26. Rf1 Qc5 27. Kh1 Raf8 28. Ree1 Rxf6 29. Qe2 Rxf1+ 30. Rxf1 Rxf1+ 31. Qxf1 Qe5 32. Qf2 Bc6 33. h3 a5 34. Kg1 Kg7 35. Bf1 Qc5 36. g3 b6 37. a3 h6 38. h4 Qxf2+ 39. Kxf2 Kf6 40. Ke3 Ke5 41. Bd3 Be8 42. Be4 g5 43. hxg5 hxg5 44. Bd5 Bg6 45. Bg8 Bc2 46. Kd2 Be4 47. Ke3 Bc2 48. Kd2 Be4 49. Ke3 1/2-1/2

[Event "Wiesbaden op 25th"]
[Site "Wiesbaden"]
[Date "2013.08.23"]
[Round "2"]
[White "Leidorf, Sebastian"]
[Black "Junesch, Gerhard"]
[Result "0-1"]
[WhiteElo "2042"]
[BlackElo "2348"]
[PlyCount "52"]
[EventDate "2013.08.22"]
[EventType "swiss"]
[EventRounds "7"]
[EventCountry "GER"]
[SourceTitle "CBM 156 Extra"]
[Source "ChessBase"]
[SourceDate "2013.10.22"]
[SourceVersion "1"]
[SourceVersionDate "2013.10.22"]
[SourceQuality "1"]

1. c4 Nf6 2. g3 c6 3. Bg2 d5 4. Nf3 Bg4 5. 0-0 Nbd7 6. cxd5 cxd5 7. d4 e6 8. Qb3 Nb6 9. Nc3 Be7 10. Bg5 0-0 11. Ne5 Bf5 12. Na4 Nxa4 13. Qxa4 h6 14. Bxf6 gxf6 15. Nf3 Qb6 16. Nh4 Bh7 17. Rac1 Qxb2 18. Qd7 Rfe8 19. Rc7 Qxe2 20. Rxb7 Qxa2 21. Rc1 Qd2 22. Qc6 Ba3 23. Ra1 Rac8 24. Rc7 Rxc7 25. Qxc7 Qb2 26. Re1 Qxd4 0-1

[Event "Wiesbaden op 24th"]
[Site "Wiesbaden"]
[Date "2012.08.26"]
[Round "6"]
[White "Kienitz, Andre"]
[Black "Junesch, Gerhard"]
[Result "0-1"]
[WhiteElo "2153"]
[BlackElo "2291"]
[PlyCount "94"]
[EventDate "2012.08.23"]
[EventType "swiss"]
[EventRounds "7"]
[EventCountry "GER"]
[SourceTitle "CBM 150 Extra"]
[Source "ChessBase"]
[SourceDate "2012.10.19"]
[SourceVersion "1"]
[SourceVersionDate "2012.10.19"]
[SourceQuality "1"]

1. Nf3 Nf6 2. c4 c5 3. Nc3 e6 4. g3 b6 5. Bg2 Bb7 6. 0-0 Be7 7. Re1 d6 8. e4 a6 9. d4 cxd4 10. Nxd4 Qc7 11. Be3 Nbd7 12. Rc1 Rc8 13. b3 Qb8 14. f4 Qa8 15. Bf2 g6 16. Qe2 0-0 17. h3 Rfe8 18. Nf3 Bf8 19. g4 Bg7 20. Bg3 Nc5 21. Nd2 e5 22. f5 Bh6 23. Nd5 Bxd5 24. cxd5 Bf4 25. Bf2 Kg7 26. Bf3 h5 27. Rc2 hxg4 28. hxg4 Rh8 29. Rec1 a5 30. Re1 Rh3 31. Bg2 Rh7 32. Nf1 Rch8 33. Rc3 Qg8 34. a3 gxf5 35. gxf5 Kf8 36. Bg3 Nh5 37. Kf2 Ke7 38. b4 axb4 39. axb4 Nd7 40. Bh4+ Nhf6 41. Bg3 Qg5 42. Bxf4 exf4 43. e5 Ng4+ 44. Kf3 Ndxe5+ 45. Ke4 Nf6+ 46. Kd4 f3 47. Rxf3 Rc8 0-1

[Event "Wiesbaden op 24th"]
[Site "Wiesbaden"]
[Date "2012.08.25"]
[Round "5"]
[White "Junesch, Gerhard"]
[Black "Schroeder, Jan Christian"]
[Result "0-1"]
[WhiteElo "2291"]
[BlackElo "2332"]
[PlyCount "88"]
[EventDate "2012.08.23"]
[EventType "swiss"]
[EventRounds "7"]
[EventCountry "GER"]
[SourceTitle "CBM 150 Extra"]
[Source "ChessBase"]
[SourceDate "2012.10.19"]
[SourceVersion "1"]
[SourceVersionDate "2012.10.19"]
[SourceQuality "1"]

1. Nf3 Nf6 2. c4 e6 3. Nc3 d5 4. d4 Nbd7 5. Bg5 c6 6. cxd5 exd5 7. e3 Be7 8. Qc2 0-0 9. Bd3 Re8 10. h3 Nf8 11. Bf4 Ng6 12. Bh2 Bd6 13. Bxd6 Qxd6 14. 0-0-0 Be6 15. g4 Rac8 16. g5 Nd7 17. Kb1 c5 18. Bf5 Bxf5 19. Qxf5 Ne7 20. Qg4 c4 21. h4 a6 22. e4 b5 23. Ne5 Nxe5 24. dxe5 Qxe5 25. Nxd5 Nxd5 26. Rxd5 Qxe4+ 27. Qxe4 Rxe4 28. Rd6 Ra8 29. h5 Re2 30. Rhd1 Kf8 31. f4 Rf2 32. Rd8+ Rxd8 33. Rxd8+ Ke7 34. Rh8 g6 35. Rxh7 gxh5 36. g6 Rxf4 37. b3 c3 38. a3 Rf2 39. b4 h4 40. gxf7 Rh2 41. Rh6 h3 42. Rf6 Kf8 43. Rh6 Rb2+ 44. Kc1 h2 0-1

[Event "Wiesbaden op 24th"]
[Site "Wiesbaden"]
[Date "2012.08.25"]
[Round "4"]
[White "Poetsch, Hagen"]
[Black "Junesch, Gerhard"]
[Result "1/2-1/2"]
[WhiteElo "2462"]
[BlackElo "2291"]
[PlyCount "64"]
[EventDate "2012.08.23"]
[EventType "swiss"]
[EventRounds "7"]
[EventCountry "GER"]
[SourceTitle "CBM 150 Extra"]
[Source "ChessBase"]
[SourceDate "2012.10.19"]
[SourceVersion "1"]
[SourceVersionDate "2012.10.19"]
[SourceQuality "1"]

1. e4 c6 2. d4 d5 3. e5 Bf5 4. Nf3 e6 5. Be2 Ne7 6. 0-0 c5 7. Na3 Nec6 8. c4 dxc4 9. Bg5 Be7 10. Bxe7 Qxe7 11. Nxc4 0-0 12. Nd6 cxd4 13. Nxd4 Nxe5 14. N4xf5 exf5 15. Nxf5 Qf6 16. Ne3 Nbc6 17. Nd5 Qd6 18. Qd2 Rad8 19. Rfd1 Rd7 20. Qe3 Qe6 21. Nc3 Rfd8 22. Rxd7 Qxd7 23. Rd1 Qe8 24. Nd5 Qe6 25. Qb3 h6 26. f4 Ng6 27. Kf2 Nge7 28. Bf3 Nxd5 29. Bxd5 Qe7 30. Bxc6 Rxd1 31. Qxd1 Qc5+ 32. Kg3 Qxc6 1/2-1/2